[Event "73rd PGNiG TERMIKA POL-chW 2021"]
[Site "Bydgoszcz"]
[Date "2021.04.30"]
[Round "2.2"]
[White "Rudzinska, Michalina"]
[Black "Kulon, Klaudia"]
[Result "1/2-1/2"]
[WhiteElo "2251"]
[BlackElo "2347"]
[Annotator "NA"]
[PlyCount "135"]
[EventDate "2021.04.29"]
[EventType "tourn"]
[EventCountry "POL"]
[SourceTitle "playchess.com"]
[Source "ChessBase"]
[SourceQuality "1"]
[TimeControl "40/5400+30:1800+30"]

1. e4 {[%emt 0:00:00]} c5 {[%emt 0:00:00]} 2. Nf3 {[%emt 0:00:00]} Nc6 {[%emt 0:00:00]} 3. d4 {[%emt 0:00:00]} cxd4 {[%emt 0:00:00]} 4. Nxd4 {[%emt 0:00:00]} Nf6 {[%emt 0:00:00]} 5. Nc3 {[%emt 0:00:00]} e5 {[%emt 0:00:00]} 6. Ndb5 {[%emt 0:00:01]} d6 {[%emt 0:00:00]} 7. a4 {[%emt 0:00:07]} a6 {[%emt 0:00:15]} 8. Na3 {[%emt 0:00:06]} Bg4 {[%emt 0:00:19]} 9. f3 {[%emt 0:00:06]} Be6 {[%emt 0:00:09]} 10. Bc4 {[%emt 0:01:34]} Nb4 {[%emt 0:00:40]} 11. Bg5 {[%emt 0:01:04]} Qc7 {[%emt 0:00:23]} 12. Bb3 {[%emt 0:05:26]} h6 {[%emt 0:15:20]} 13. Bxf6 {[%emt 0:02:46]} gxf6 {[%emt 0:00:02]} 14. O-O {[%emt 0:03:21]} h5 {[%emt 0:10:11]} 15. Kh1 {[%emt 0:03:24]} Bh6 {[%emt 0:02:16]} 16. Nd5 {[%emt 0:06:33]} Bxd5 {[%emt 0:04:56]} 17. Bxd5 {[%emt 0:02:01]} Nxd5 {[%emt 0:09:03]} 18. Qxd5 {[%emt 0:00:07]} Qc6 {[%emt 0:03:00]} 19. Rfd1 {[%emt 0:03:50]} Ke7 {[%emt 0:00:27]} 20. Qb3 {[%emt 0:07:28]} Rac8 {[%emt 0:01:15]} 21. Rd3 {[%emt 0:00:55]} Bg5 {[%emt 0:12:20]} 22. Rad1 {[%emt 0:05:08]} Rhd8 {[%emt 0:00:12]} 23. Rc3 {[%emt 0:02:46]} Qd7 {[%emt 0:00:56]} 24. Rxc8 {[%emt 0:14:20]} Qxc8 {[%emt 0:02:34]} 25. Nc4 {[%emt 0:01:44]} h4 {[%emt 0:02:30]} 26. Nb6 {[%emt 0:07:57]} Qc6 {[%emt 0:00:57]} 27. Rd3 {[%emt 0:01:13]} d5 {[%emt 0:10:06]} 28. Nxd5+ {[%emt 0:13:26]} Kf8 {[%emt 0:00:24]} 29. Rc3 {[%emt 0:05:00]} Qd7 {[%emt 0:01:23]} 30. Qb6 {[%emt 0:04:28]} f5 {[%emt 0:00:51]} 31. Qc5+ {[%emt 0:07:40]} Kg7 {[%emt 0:01:15]} 32. Qc7 {[%emt 0:00:18]} Qxa4 {[%emt 0:06:08]} 33. Qxe5+ {[%emt 0:00:24]} f6 {[%emt 0:00:55]} 34. Qe7+ {[%emt 0:02:28]} Kh6 {[%emt 0:00:02]} 35. Qa3 {[%emt 0:00:29]} Qxa3 {[%emt 0:01:26]} 36. Rxa3 {[%emt 0:00:25]} fxe4 {[%emt 0:00:16]} 37. fxe4 {[%emt 0:00:04]} f5 {[%emt 0:00:21]} 38. Kg1 {[%emt 0:01:20]} fxe4 {[%emt 0:00:05]} 39. c4 {[%emt 0:00:51]} Rc8 {[%emt 0:03:17]} 40. Rc3 {[%emt 0:00:00]} Bd2 {[%emt 0:00:00]} 41. Rb3 {[%emt 0:09:47]} Rxc4 {[%emt 0:04:13]} 42. Rxb7 {[%emt 0:01:59]} Rc5 {[%emt 0:05:14]} 43. Rd7 {[%emt 0:05:01]} Rc1+ {[%emt 0:12:30]} 44. Kf2 {[%emt 0:00:05]} Rc2 {[%emt 0:00:03]} 45. Ne3 {[%emt 0:03:38]} Rxb2 {[%emt 0:02:17]} 46. Nc4 {[%emt 0:00:16]} e3+ {[%emt 0:00:05]} 47. Nxe3 {[%emt 0:00:23]} Bc1+ {[%emt 0:03:52]} 48. Kf3 {[%emt 0:00:27]} Rb3 {[%emt 0:00:24]} 49. Re7 {[%emt 0:03:52]} a5 {[%emt 0:00:04]} 50. Kf2 {[%emt 0:01:04]} a4 {[%emt 0:01:20]} 51. Nc4 {[%emt 0:02:35]} Rc3 {[%emt 0:01:01]} 52. Re4 {[%emt 0:02:54]} Bg5 {[%emt 0:01:55]} 53. Nd6 {[%emt 0:02:48]} Rc2+ {[%emt 0:01:18]} 54. Kf3 {[%emt 0:00:10]} a3 {[%emt 0:01:30]} 55. Nf7+ {[%emt 0:00:12]} Kg6 {[%emt 0:00:08]} 56. Nxg5 {[%emt 0:00:14]} a2 {[%emt 0:00:52]} 57. Ra4 {[%emt 0:00:11]} Kxg5 {[%emt 0:00:04]} 58. Ra5+ {[%emt 0:00:31]} Kf6 {[%emt 0:00:10]} 59. Kg4 {[%emt 0:03:20]} Rxg2+ {[%emt 0:02:00]} 60. Kxh4 {[%emt 0:00:05]} Rxh2+ {[%emt 0:00:22]} 61. Kg3 {[%emt 0:00:12]} Rc2 {[%emt 0:00:03]} 62. Kf3 {[%emt 0:00:29]} Ke6 {[%emt 0:00:02]} 63. Ke3 {[%emt 0:00:05]} Rh2 {[%emt 0:00:13]} 64. Kd3 {[%emt 0:00:13]} Rh3+ {[%emt 0:00:21]} 65. Kc2 {[%emt 0:00:12]} Rh2+ {[%emt 0:00:12]} 66. Kb3 {[%emt 0:00:06]} Kd6 {[%emt 0:00:02]} 67. Rxa2 {[%emt 0:00:05]} Rxa2 {[%emt 0:00:03]} 68. Kxa2 {[%emt 0:00:06]} 1/2-1/2

[Event "73rd PGNiG TERMIKA POL-chW 2021"]
[Site "Bydgoszcz"]
[Date "2021.05.06"]
[Round "8.1"]
[White "Rajlich, Iweta"]
[Black "Socko, Monika"]
[Result "1-0"]
[WhiteElo "2394"]
[BlackElo "2421"]
[Annotator "TA"]
[PlyCount "151"]
[EventDate "2021.04.29"]
[EventType "tourn"]
[EventCountry "POL"]
[SourceTitle "playchess.com"]
[Source "ChessBase"]
[SourceQuality "1"]

{[%evp 12,151,14,18,21,12,22,17,12,-2,22,15,45,46,55,16,10,16,12,0,30,4,38,29,26,34,41,32,34,34,75,66,170,61,70,64,124,128,125,126,108,75,117,67,97,86,144,145,140,142,141,143,145,148,129,145,146,122,119,120,128,116,118,120,136,143,154,136,139,126,190,188,179,188,185,177,210,209,265,248,271,277,299,299,322,320,320,291,304,297,326,313,314,324,358,336,348,355,351,348,327,292,753,721,774,772,704,674,1350,1347,2370,2331,1842,2245,2155,2053,1735,1658,29977,29978,29979,29980,29980,29980,29982,29982,29982,29982,29983,29983,29983,29984,29984,29985,29985,29986,29986,29987,29987,29988,29989,29990]} 1. Nf3 Nf6 2. c4 b6 3. b3 Bb7 4. Bb2 e6 5. e3 c5 6. Nc3 Be7 7. d4 cxd4 {A30: Symmetrical English: Double Fianchetto and Hedgehog.} 8. Qxd4 Nc6 9. Qd2 O-O {The position is equal.} 10. Rd1 {[#]} d5 $146 ({Predecessor:} 10... a6 11. Bd3 Qc7 12. O-O Rfd8 13. Rc1 Rac8 14. Qe2 Qb8 15. Rfd1 d6 16. h3 Ne5 17. Nxe5 dxe5 {½-½ (50) Forintos,G-Csom,I Budapest 1973}) 11. cxd5 exd5 12. Bb5 (12. Nxd5 $2 Nxd5 13. a3 (13. Qxd5 $2 Bb4+ 14. Qd2 Bxd2+ $19) 13... Bf6 $1 $19) 12... Bb4 {White should prevent ...Ne4.} 13. Bxc6 Bxc6 14. O-O Rc8 15. Qd4 Qe7 (15... Bc5 $5 {[%cal Rc5d4]} 16. Qf4 Bd6 $11) 16. Qh4 Bb7 17. Nb5 {next Bxf6 is good for White.} Ne4 18. Qxe7 Bxe7 19. Nfd4 Bf6 20. f3 (20. Nxa7 Ra8 $15) 20... Nc5 21. Rf2 {And now Nf5 would win.} ({Of course not} 21. Nxa7 $6 Ra8 $11) 21... Rce8 {[#]} (21... Rfd8 $14) 22. Bc1 ({Better is} 22. Nd6 $1 $18) 22... a6 23. Nd6 {Hoping for b4.} Rd8 (23... Rb8 $14) 24. Nxb7 $16 Nxb7 25. Nc6 Rd6 26. Rc2 Re8 27. Nd4 g6 28. Kf2 Kg7 (28... Bg5 $142) 29. Ba3 Rd7 30. Rc6 Bxd4 31. Rxd4 Re6 32. Rc8 f5 33. Bb2 {Rxd5+ is the strong threat.} Kf7 34. Rh8 h5 35. Rh7+ Ke8 36. Rxd7 Kxd7 37. Rxd5+ {[%mdl 4096] Endgame KRB-KRN} Kc6 38. Rd2 a5 39. Ba3 b5 40. Rc2+ Kb6 (40... Kd7 $16 41. Rd2+ Kc6) 41. Bb2 $18 Nd8 42. Bd4+ Ka6 43. Kg3 Nc6 44. Kf4 Nb4 45. Rd2 Nd5+ 46. Kg5 b4 47. Rc2 Kb7 48. g3 Nc3 49. Rd2 Nd5 50. h4 Nc3 51. a4 Nd5 52. Rc2 Nc3 53. Bxc3 Rc6 {[#]} 54. Bxb4 $1 {White wants to mate with Rxc6.} Rxc2 55. Bxa5 {KR-KB} Rg2 56. Kf4 ({Not} 56. Kxg6 Rxg3+ 57. Kxf5 (57. Kxh5 Rxf3 58. Bd2 Rf2 $16) 57... Rxf3+ 58. Ke4 Rf1 $14) 56... Rb2 $2 (56... Kc6 57. b4 Ra2) 57. Bc3 Rxb3 {[#]} 58. Bd4 $1 Rb1 59. Kg5 Rf1 60. f4 Rg1 61. Kxg6 Rxg3+ 62. Kxf5 Kc6 63. a5 Kb5 64. e4 Kxa5 65. e5 {White mates.} Kb5 66. e6 Kc6 67. Kf6 Ra3 68. f5 Ra5 69. Bc3 Rb5 70. Be5 Ra5 71. Bf4 Ra4 72. Bg5 Ra5 73. Kg6 Kd6 74. e7 Kd7 75. f6 Ra6 76. Kg7 {Weighted Error Value: White=0.08/Black=0.20} 1-0

[Event "73rd PGNiG TERMIKA POL-chW 2021"]
[Site "Bydgoszcz"]
[Date "2021.05.06"]
[Round "8.2"]
[White "Rudzinska, Michalina"]
[Black "Dworakowska, Joanna"]
[Result "0-1"]
[WhiteElo "2251"]
[BlackElo "2322"]
[Annotator "TA"]
[PlyCount "68"]
[EventDate "2021.04.29"]
[EventType "tourn"]
[EventCountry "POL"]
[SourceTitle "playchess.com"]
[Source "ChessBase"]
[SourceQuality "1"]

{[%evp 22,68,66,72,67,41,42,50,45,0,0,-59,8,-60,-80,-127,-140,-148,-140,-122,-2,-9,-8,-102,-105,-125,-103,-227,-224,-220,-218,-517,-518,-528,-444,-439,-432,-894,-427,-418,-383,-961,-944,-1035,-1007,-991,-979,-1741,-1702]} 1. e4 c5 2. Nf3 d6 3. d4 cxd4 4. Nxd4 Nf6 5. Nc3 a6 6. Bg5 e6 7. f4 Be7 8. Qf3 Qc7 9. O-O-O Nbd7 10. g4 h6 11. Bxf6 Bxf6 12. h4 Nb6 $1 {[%mdl 4] now scores much better than the old 12...Qb6. B99: Sicilian Najdorf: 6 Bg5 e6 7 f4 Be7 8 Qf3 Qc7 9 0-0-0 Nbd7.} 13. g5 Bxd4 14. Rxd4 Qc5 {White is slightly better.} 15. Qd3 hxg5 $1 {[#]} 16. Rxd6 $146 {[#]} (16. b4 $11 Qc7 17. fxg5) ({Predecessor:} 16. e5 gxf4 17. Rh2 d5 18. Rxf4 Nc4 19. Re2 Bd7 20. Qf3 Rc8 21. Nd1 Nxe5 22. Qg3 {0-1 (59) Nemeth,M (2502)-Mueer,S (2208) Neustadt an der Weinstrasse 2020}) 16... Nd7 ({Black should play} 16... Nd5 $1 $15 17. Rxd5 (17. e5 Nxf4) 17... exd5 18. fxg5 dxe4 19. Nxe4 Qe5) 17. f5 (17. Qd2 $11) 17... Ne5 $1 $15 {[%cal Re5d3]} 18. Qd2 {[#]} Ke7 19. Rd5 exd5 20. Qxg5+ {[#]} Kd6 (20... Kd7 $1 $17 21. Nxd5 Qd6) 21. Nxd5 $11 {Threatening mate with Qe7+.} Re8 {...Bd7 is the strong threat.} 22. Be2 (22. Rh2 $1 $11 b5 23. Rd2) 22... b5 $17 23. Qxg7 Kc6 24. Rh3 {Loses the game.} (24. b4 $17 Qd6 25. Rd1) 24... Kb7 $19 25. Rc3 Qd6 {Hoping for ...Bxf5!} 26. Nc7 $2 (26. Qg1) 26... Rd8 {( -> ...Qd2+)} 27. a3 Ra7 28. h5 Kb8 29. h6 (29. Nd5 $142 Bxf5 {[%mdl 64] Deflection} 30. exf5 Qxd5 31. Kb1) 29... f6 (29... Rxc7 $142 30. Rxc7 Kxc7) 30. h7 Qf8 ({Much less strong is} 30... Rxc7 31. Rxc7 Qxc7 32. h8=Q $19) 31. Qg1 (31. Qxf8 Rxf8 32. Rg3) 31... Rxc7 {Black is clearly winning.} ({Weaker is} 31... Qh6+ 32. Kb1 $16) 32. Qb6+ Rb7 33. Qxa6 b4 34. Rh3 {[#]} Rxh7 $3 {[%mdl 64] Discovered Attack.  Weighted Error Value: White=1.06/Black=0.28} 0-1

[Event "73rd PGNiG TERMIKA POL-chW 2021"]
[Site "Bydgoszcz"]
[Date "2021.05.06"]
[Round "8.4"]
[White "Majdan, Joanna"]
[Black "Zawadzka, Jolanta"]
[Result "0-1"]
[WhiteElo "2325"]
[BlackElo "2399"]
[Annotator "TA"]
[PlyCount "86"]
[EventDate "2021.04.29"]
[EventType "tourn"]
[EventCountry "POL"]
[SourceTitle "playchess.com"]
[Source "ChessBase"]
[SourceQuality "1"]

{[%evp 14,86,15,10,14,20,21,20,23,23,18,7,15,0,0,-9,-16,-22,-21,-18,-2,-49,-20,-41,-38,-34,-33,-43,-49,-100,-97,-96,-83,-104,-64,-71,-74,-66,-75,-62,-70,-65,-24,-27,0,-2,0,-24,-39,-35,-14,-156,-178,-172,-162,-402,-423,-409,-413,-380,-395,-387,-370,-518,-523,-525,-527,-1052,-1133,-1269,-1264,-1260,-1205,-5197,-4910]} 1. e4 c5 2. Nf3 d6 3. d4 cxd4 4. Qxd4 Nc6 5. Bb5 a6 6. Bxc6+ bxc6 7. O-O e5 8. Qd3 Qc7 {8...Ne7 is becoming the main line. B51: Sicilian: Moscow Variation (3 Bb5+) without 3...Bd7.} 9. c4 {[#]} Be6 $146 ({Predecessor:} 9... Be7 10. Nc3 Nf6 11. Bg5 O-O 12. Rfd1 Rd8 13. Rac1 Bg4 14. h3 Bh5 15. b4 h6 16. Bxf6 Bxf6 17. a4 Bxf3 18. Qxf3 Qb7 {1-0 (87) Popovic,D (2630)-Oganian,M (2827) Chess.com INT 2020}) 10. Nc3 Nf6 {The position is equal.} 11. b3 Be7 12. Ng5 Bd7 13. Ba3 Nh5 {Hoping for ...Nf4.} 14. Nf3 Nf4 15. Qe3 Qa5 16. Bb2 O-O 17. c5 Bg4 18. Na4 Rad8 19. h3 Bh5 20. Kh2 f6 21. Nh4 {[#]} (21. g3 $15 Ne6 22. cxd6 Bxd6 23. Nd2) 21... d5 $1 $17 (21... dxc5 $6 22. Nf5 $11) 22. Nf5 Rfe8 23. exd5 Rxd5 (23... cxd5 {keeps more tension.} 24. Qe1 Qb5 25. Ba3 d4 26. Qd2 Qd7) 24. g3 Nd3 {[%cal Re7c5]} 25. Nxe7+ Rxe7 26. Nb6 Rd8 ({But not} 26... Qxc5 $6 27. Qxc5 Rxc5 28. Ba3 $14) ({Don't go for} 26... Nxc5 $2 27. Nxd5 cxd5 28. b4 $18) 27. Nc4 Qc7 ({Worse is} 27... Qxc5 28. Qxc5 Nxc5 29. Ba3 $16) 28. Bc3 Qd7 29. Ba5 {Threatens to win with Nd6.} Rf8 30. Nd6 e4 31. Bc3 Bf3 32. Rad1 Bxd1 33. Rxd1 {[#]} f5 $1 {White must now prevent ...f4.} 34. Rxd3 $2 (34. f4) 34... exd3 $19 35. Qxd3 Qe6 36. Qd4 h6 37. Kg2 Kh7 38. Qd3 Qe2 {Black is clearly winning.} 39. Qd4 Qxa2 40. g4 fxg4 41. Qd3+ g6 42. Ne4 Qxb3 43. hxg4 {[#]} Rxe4 $1 {[%mdl 64] Remove Defender.  Weighted Error Value: White=0.50/Black=0.03} 0-1

[Event "73rd PGNiG TERMIKA POL-chW 2021"]
[Site "Bydgoszcz"]
[Date "2021.05.06"]
[Round "8.5"]
[White "Cyfka, Karina"]
[Black "Sliwicka, Alicja"]
[Result "0-1"]
[WhiteElo "2415"]
[BlackElo "2346"]
[Annotator "TA"]
[PlyCount "182"]
[EventDate "2021.04.29"]
[EventType "tourn"]
[EventCountry "POL"]
[SourceTitle "playchess.com"]
[Source "ChessBase"]
[SourceQuality "1"]

{[%evp 10,182,29,12,20,26,26,17,7,9,12,0,4,-22,13,-61,42,-1,-6,-16,-11,-14,29,-15,-17,-18,25,25,25,25,25,23,19,-46,-40,-45,-37,-337,-324,-300,-307,-484,-266,-516,-523,-473,-414,-391,-383,-353,-366,-464,-468,-451,-460,-442,-368,-365,-358,-364,-341,-356,-335,-407,-406,-473,-482,-459,-336,-336,-336,-336,-336,-336,-336,-336,-336,-336,-107,-107,-106,-106,-106,-107,-106,-106,-106,-106,-106,-106,-106,-115,-69,-69,-69,-69,-66,-66,-66,-66,-66,-66,-66,-66,-66,-66,-66,-66,-66,-66,-66,-66,-66,-66,-58,-58,-58,-58,-21,-58,-58,-58,-58,-66,-58,-66,-66,-66,-66,-65,-21,-21,-21,-21,-21,-21,-21,-21,-21,-21,-21,-21,-21,-21,-21,-21,-21,-21,-21,-21,-21,-21,-21,-21,-21,-21,-21,-21,-8,-21,-21,-21,-21,-21,-21,-29975,-29976,-29976,-29977,-29976,-29977,-29977,-29978,-29979,-29976]} 1. d4 Nf6 2. Nf3 g6 3. c4 Bg7 4. g3 O-O 5. Bg2 d6 6. O-O Ne4 {E60: King's Indian: Unusual lines and Fianchetto Variation without Nc3.} 7. Qc2 f5 8. Nbd2 Nxd2 {The position is equal.} 9. Bxd2 e5 10. Bc3 {[%cal Rd4e5]} Qe7 {[#]} 11. Rad1 $146 ({Predecessor:} 11. e3 Nd7 12. b4 e4 13. Nd2 Nf6 14. b5 Bd7 15. Rab1 g5 16. Rfe1 Qf7 17. a4 {0-1 (51) Drygalov,S (2450)-Harutyunian,T (2532) Moscow 2019}) 11... Nd7 {[%cal Bb8d7,Bd7f6,Bf6e4][%mdl 32]} (11... e4 $5 {[%cal Re4f3]} 12. Ne1 Nd7 $11) 12. b4 (12. dxe5 $11 dxe5 13. b3) 12... Kh8 (12... e4 $15 13. Nd2 e3) 13. d5 Nf6 14. e3 Ne4 15. Be1 f4 16. c5 (16. Qxe4 $2 Bf5 $19) (16. exf4 $5 {[%cal Rc2e4]} Bf5 17. Qe2 $14) 16... Bf5 17. Qc4 g5 18. exf4 gxf4 {[%cal Rd6c5]} 19. Nh4 Ng5 $1 20. Nxf5 Rxf5 21. g4 (21. Bd2 $11) 21... Rf7 $15 {...f3 is the strong threat.} 22. f3 e4 23. Bc3 $2 {[%mdl 8192]} ({Don't blunder} 23. fxe4 $2 f3 $19) ({Better is} 23. c6 $15) 23... exf3 $19 24. Bxg7+ Rxg7 25. Rde1 (25. Rxf3 $142 Nxf3+ {[%mdl 64] Discovered Attack} 26. Bxf3) 25... Qd7 (25... fxg2 $142 26. Kxg2 f3+ 27. Kg3 Qd7) 26. Qxf4 $2 (26. Rxf3 Nxf3+ 27. Bxf3) 26... fxg2 27. Kxg2 Nf7 28. h3 dxc5 29. bxc5 Qxd5+ {[%mdl 64] Double Attack} 30. Kh2 Qxc5 31. Rc1 Qd6 32. Rxc7 Qxf4+ 33. Rxf4 Nd6 34. Rc2 b5 35. Rc6 Nc4 36. a4 a6 37. Rf5 Rb7 38. Rff6 Na3 39. Rxa6 Rxa6 40. Rxa6 {[%mdl 4096] Endgame KRN-KR} b4 41. Ra8+ Kg7 42. a5 {[#]} Nb5 $1 43. a6 {[#]} Ra7 (43... Rb6 $1 $19 {and Black stays clearly on top.} 44. a7 Ra6) 44. Rb8 $17 Nc7 ({Much weaker is} 44... Rxa6 $6 45. Rxb5 h5 46. Rxb4 $11) 45. Rxb4 {Rb7 would now be nice for White.} Rxa6 46. Rb3 Rc6 47. Kg3 Nd5 48. Rb7+ Rc7 49. Rb5 Rc3+ 50. Kh4 Ne7 {And now ...Ng6+ would win.} (50... Rd3 {is interesting.} 51. Ra5 Kg6 52. Ra6+ Nf6 53. Rb6 Ra3) 51. Rb7 Re3 52. Kg5 Kf7 53. h4 Re6 54. Ra7 Rg6+ 55. Kh5 Rg8 56. g5 Rg6 57. Rb7 Re6 58. Ra7 Re4 59. Rb7 Kg8 60. Rb8+ Kg7 $1 61. Rb7 Kh8 62. Rb8+ Ng8 $1 (62... Kg7 $2 63. Rb6 $19) 63. Rb7 Re7 (63... Rd4 {with more complications.} 64. Rb8 Rd7 65. Kg4 Kg7 66. h5 Ne7) 64. Rb4 Kg7 65. Kg4 Rc7 66. Kh5 Ne7 67. Re4 Nf5 {Threatens to win with ...Ng3+.} 68. Kg4 Nd6 69. Rd4 Rc4 (69... Nf7 {seems wilder.} 70. Ra4 Rd7 71. Kf5 Rb7 72. Kg4 Ne5+) 70. Rxc4 Nxc4 $11 {KN-KPP} 71. h5 Nb6 72. Kf5 Nd5 73. Ke5 Ne3 (73... Nc7 {is more complex.} 74. Kf4 Ne8 75. Kf5 Nd6+ 76. Ke5 Nb5) 74. Kf4 Nf1 75. Kf5 Nd2 76. Ke5 Nb3 77. Kf5 Nc5 78. Ke5 Na6 79. Kf5 Nc7 80. Ke5 Kf8 81. Kf5 Ne8 {aiming for ...Ke7.} 82. Kf4 Ke7 {Hoping for ...Ke6.} 83. Kg4 Ke6 84. Kf4 Nd6 85. Kg4 Nb5 86. Kf4 Nc7 87. Ke4 $2 {[%mdl 8192]} (87. Kg4 $11 Nd5 88. Kh3 Kf5 89. Kh4 Nf4 90. h6 Ne6 91. Kg3 Kxg5 92. Kf3 Kxh6 93. Kg4 Kg6 94. Kh3 h5 95. Kg3 Kg5 96. Kh3 h4 97. Kh2 Kg4 98. Kg2 Nf4+ 99. Kg1 h3 100. Kh2 Nd3 101. Kg1 Kf3 102. Kh1 Kg3 103. Kg1 Nf2 104. Kf1 h2 105. Ke1 h1=Q+ 106. Kd2 Qc6 107. Ke3 Qd5 108. Ke2 Qd1+ 109. Ke3 Qd3#) 87... Nd5 {Black mates.} 88. h6 Ne7 89. Kf4 Kf7 90. Kg4 Kg6 91. Kf4 Nc6 {Weighted Error Value: White=0.33/Black=0.21} 0-1

[Event "73rd PGNiG TERMIKA POL-chW 2021"]
[Site "Bydgoszcz"]
[Date "2021.05.07"]
[Round "9.3"]
[White "Zawadzka, Jolanta"]
[Black "Rajlich, Iweta"]
[Result "0-1"]
[WhiteElo "2399"]
[BlackElo "2394"]
[Annotator "NA"]
[PlyCount "105"]
[EventDate "2021.04.29"]
[EventType "tourn"]
[EventCountry "POL"]
[SourceTitle "playchess.com"]
[Source "ChessBase"]
[SourceQuality "1"]
[TimeControl "40/5400+30:1800+30"]

1. e4 {[%emt 0:00:00]} e6 {[%emt 0:00:00]} 2. d4 {[%emt 0:00:00]} d5 {[%emt 0:00:00]} 3. Nc3 {[%emt 0:00:00]} Nf6 {[%emt 0:00:00]} 4. Bg5 {[%emt 0:00:00]} dxe4 {[%emt 0:00:00]} 5. Nxe4 {[%emt 0:00:00]} Nbd7 {[%emt 0:00:01]} 6. Nf3 {[%emt 0:01:31]} h6 {[%emt 0:00:36]} 7. Nxf6+ {[%emt 0:05:21]} Nxf6 {[%emt 0:00:07]} 8. Bxf6 {[%emt 0:00:31]} Qxf6 {[%emt 0:00:55]} 9. Qd3 {[%emt 0:00:08]} Be7 {[%emt 0:04:09]} 10. O-O-O {[%emt 0:03:04]} O-O {[%emt 0:02:57]} 11. Qe4 {[%emt 0:09:40]} Rd8 {[%emt 0:11:14]} 12. g4 {[%emt 0:09:58]} Bd6 {[%emt 0:09:37]} 13. Ne5 {[%emt 0:13:30]} Bxe5 {[%emt 0:01:35]} 14. Qxe5 {[%emt 0:02:27]} Qxe5 {[%emt 0:09:54]} 15. dxe5 {[%emt 0:00:05]} Rxd1+ {[%emt 0:00:10]} 16. Kxd1 {[%emt 0:00:02]} f6 {[%emt 0:07:32]} 17. Bc4 {[%emt 0:06:12]} Kf7 {[%emt 0:01:20]} 18. Re1 {[%emt 0:03:26]} Bd7 {[%emt 0:04:30]} 19. Kc1 {[%emt 0:06:00]} b5 {[%emt 0:03:41]} 20. Bd3 {[%emt 0:00:30]} Ke7 {[%emt 0:13:44]} 21. Be4 {[%emt 0:04:52]} Rg8 {[%emt 0:10:06]} 22. Re3 {[%emt 0:10:53]} a5 {[%emt 0:02:20]} 23. Rc3 {[%emt 0:01:08]} Rc8 {[%emt 0:07:44]} 24. a4 {[%emt 0:06:42]} fxe5 {[%emt 0:01:29]} 25. axb5 {[%emt 0:00:20]} Bxb5 {[%emt 0:00:30]} 26. Rc5 {[%emt 0:00:52]} c6 {[%emt 0:03:59]} 27. Rxe5 {[%emt 0:00:18]} Rf8 {[%emt 0:00:35]} 28. f3 {[%emt 0:00:47]} Kd6 {[%emt 0:00:30]} 29. Rh5 {[%emt 0:00:10]} c5 {[%emt 0:01:04]} 30. Kd2 {[%emt 0:02:43]} Be8 {[%emt 0:00:24]} 31. Rh3 {[%emt 0:00:48]} a4 {[%emt 0:00:48]} 32. Rg3 {[%emt 0:01:39]} g5 {[%emt 0:00:48]} 33. Rg2 {[%emt 0:02:46]} Bc6 {[%emt 0:00:37]} 34. Ke3 {[%emt 0:00:08]} Bd5 {[%emt 0:00:20]} 35. Rd2 {[%emt 0:00:25]} Ke5 {[%emt 0:00:24]} 36. Bxd5 {[%emt 0:03:35]} exd5 {[%emt 0:00:01]} 37. c3 {[%emt 0:00:07]} Rb8 {[%emt 0:00:10]} 38. h3 {[%emt 0:03:41]} Rb3 {[%emt 0:01:01]} 39. Kd3 {[%emt 0:00:56]} a3 {[%emt 0:00:27]} 40. bxa3 {[%emt 0:00:00]} d4 {[%emt 0:00:00]} 41. Re2+ {[%emt 0:09:43]} Kd5 {[%emt 0:02:28]} 42. Ra2 {[%emt 0:04:49]} Rxc3+ {[%emt 0:01:17]} 43. Ke2 {[%emt 0:00:04]} Re3+ {[%emt 0:02:13]} 44. Kf2 {[%emt 0:00:19]} Re8 {[%emt 0:03:19]} 45. a4 {[%emt 0:01:59]} d3 {[%emt 0:02:53]} 46. a5 {[%emt 0:00:06]} c4 {[%emt 0:00:27]} 47. a6 {[%emt 0:00:04]} c3 {[%emt 0:00:42]} 48. a7 {[%emt 0:00:28]} c2 {[%emt 0:01:54]} 49. a8=Q+ Rxa8 {[%emt 0:00:06]} 50. Rxa8 {[%emt 0:00:09]} c1=Q {[%emt 0:01:33]} 51. Rd8+ {[%emt 0:00:05]} Ke5 {[%emt 0:00:23]} 52. Rxd3 {[%emt 0:00:07]} Qc5+ {[%emt 0:00:31]} 53. Ke2 {[%emt 0:00:48]} 0-1